| 000 | 00345nam a22001577a 4500 | ||
|---|---|---|---|
| 003 | SGT | ||
| 020 | _a9788175345904 | ||
| 082 | _a340.5,RAT | ||
| 100 | _aRATTIGAN, W H | ||
| 245 | _aCUSTOMARY LAW AS AT PRESENT ASCERTAINED | ||
| 250 | _a16TH | ||
| 260 |
_aNEW DELHI _bUNIVERSAL BOOKS _c2013 |
||
| 300 | _a960 | ||
| 650 | _aLAW | ||
| 942 |
_2ddc _cBK |
||
| 999 |
_c9763 _d9763 |
||